Dictionary of science
| Main Author: | |
|---|---|
| Format: | Book |
| Published: |
Kuala Lumpur :
Crescent News (K.L) Sdn.Bhd. ,
1993
|
| Edition: | Second edition |
| Subjects: |
MARC
| LEADER | 00000cam a2200000 7i4500 | ||
|---|---|---|---|
| 001 | 0000002925 | ||
| 002 | 000003166 | ||
| 005 | 20000330.0 | ||
| 020 | |a T000000290 | ||
| 090 | 0 | 0 | |a 503 |b MAH |
| 100 | 0 | |a Mahender Yadar | |
| 245 | 1 | 0 | |a Dictionary of science |c Mahender Yadar |
| 250 | |a Second edition | ||
| 260 | |a Kuala Lumpur : |b Crescent News (K.L) Sdn.Bhd. , |c 1993 | ||
| 300 | |a 323p. ; |c 21cm. | ||
| 650 | 0 | 0 | |a Science |x Dictionaries |
| 650 | 0 | 0 | |a Technology |x Dictionaries |
| 999 | |a 036484 |b BUKU |c PINJAMAN |e PERPUSTAKAAN KOMUNITI PETALING JAYA | ||